Größten Landkreise Deutschlands (Einwohner) - Statistiken

Allgemein
  • Dieses Quiz wurde 80 mal gespielt
  • Das Durchschnittsergebnis liegt bei 10 aus 20
Antwortstatistiken
Einwohnerzahl Bundesland Landkreis % Korrekt
1.173.891 Niedersachsen Region Hannover
84%
562.559 Nordrhein-Westfalen Städteregion Aachen
63%
540.226 Baden-Württemberg Esslingen
59%
619.732 Nordrhein-Westfalen Recklinghausen
59%
489.794 Nordrhein-Westfalen Mettmann
56%
551.051 Baden-Württemberg Ludwigsburg
55%
465.838 Nordrhein-Westfalen Wesel
52%
454.613 Baden-Württemberg Karlsruhe
51%
608.335 Nordrhein-Westfalen Rhein-Sieg-Kreis
49%
398.528 Baden-Württemberg Böblingen
48%
478.126 Nordrhein-Westfalen Rhein-Erft-Kreis
48%
441.885 Baden-Württemberg Ortenaukreis
44%
555.352 Baden-Württemberg Rhein-Neckar-Kreis
44%
398.866 Nordrhein-Westfalen Unna
41%
379.070 Nordrhein-Westfalen Borken
38%
430.838 Hessen Main-Kinzig-Kreis
38%
410.346 Nordrhein-Westfalen Märkischer Kreis
38%
456.464 Nordrhein-Westfalen Steinfurt
37%
432.397 Baden-Württemberg Rems-Murr-Kreis
36%
457.264 Nordrhein-Westfalen Rhein-Kreis Neuss
32%
Keine übereinstimmenden Quizze gefunden
Verteilung der Resultate
Anzahl Personen mit jedem Resultat
Perzentil nach korrekt beantworteten Fragen
Ihre Resultats-Entwicklung
Sie haben dieses Quiz noch nicht gespielt